000 01295nmc a2200421 a 4500
003 AR-BaBNM
005 20251128205743.0
008 148019s1985 ||||||||||||||000 | spa||
020 _a84-7432-105-0
040 _cAR-BaBNM
100 1 _aSastre, Genoveva
245 1 0 _aDescubrimiento y construcción de conocimientos
_buna experiencia de pedagogía operatoria
250 _a2ª ed.
260 _aBarcelona
_bGedisa
_c1985
300 0 _a270 p.
_btablas, il.
490 0 _aHombre y sociedad. Investigaciones en psicología y educación
504 _aBibliografía: p. 261-270
600 1 4 _aPiaget, Jean
600 1 4 _aIndhelder, Bärbel
610 2 4 _aInstituto Nacional de Investigación en Psicología Aplicada a la Educación [España]
650 4 _aPSICOLOGIA DE LA EDUCACION
650 4 _aMETODOS
650 4 _aINTELIGENCIA
650 4 _aPERSONALIDAD
650 4 _aESCUELAS
650 4 _aAPRENDIZAJE
650 4 _aMETODOS DE ENSENANZA
650 4 _aAPRENDIZAJE MEDIANTE EL DESCUBRIMIENTO
650 4 _aLOGICA
650 4 _aCONOCIMIENTO
650 4 _aDESARROLLO INTELECTUAL
653 _aOPERACIONES MATEMATICAS
653 _aFRACASO ESCOLAR
700 1 _aMoreno, Montserrat
800 1 _aMoreno, Montserrat
_edirector
942 _cBK
998 _carturo
999 _c12683
_d12683